00000000nam 2200000zi 4500
0019.921962
003CaOODSP
00520230425162536
006m     o  d f      
007cr |n|||||||||
008230425t20232023oncd    ob   f000 0 eng d
040 |aCaOODSP|beng|erda|cCaOODSP
041 |aeng|beng|bfre
043 |an-cn---
0861 |aFB3-5/2023-18E-PDF
1001 |aBinder, Carola Conces, |eauthor.
24510|aCentral bank forecasting : |ba survey / |cby Carola Conces Binder and Rodrigo Sekkel.
264 1|a[Ottawa] : |bBank of Canada = Banque du Canada, |c2023.
264 4|c©2023
300 |a1 online resource (ii, 32 pages) : |bcharts.
336 |atext|btxt|2rdacontent
337 |acomputer|bc|2rdamedia
338 |aonline resource|bcr|2rdacarrier
4901 |aStaff working paper = Document de travail du personnel, |x1701-9397 ; |v2023-18
500 |a"Last updated: March 31, 2023."
504 |aIncludes bibliographical references (pages 22-32).
546 |aIncludes abstract in French.
650 0|aMonetary policy.
650 0|aEconomic forecasting.
650 6|aPolitique monétaire.
650 6|aPrévision économique.
7102 |aBank of Canada, |eissuing body.
830#0|aStaff working paper (Bank of Canada)|v2023-18.|w(CaOODSP)9.806221
85640|qPDF|s645 KB|uhttps://publications.gc.ca/collections/collection_2023/banque-bank-canada/FB3-5-2023-18-eng.pdf